00410nam a2200145Ia 4500008004100000020001500041041001200056082001600068100001800084245009300102260003500195300000900230650000700239700001800246221030s9999 xx 000 0 und d a8121911400 aEnglish a105.23bThe aB. L. Theraja 2aA Text book of Electrical Technology Vol. III : Transmission, Distribution & Utilisation bS.Chand & Co.aNew Delhic2002 a1620 aEE aA. K. Theraja